000 01056nam a2200265Ia 4500
003 OSt
005 20220918110833.0
006 a|||||r|||| 00| 0
007 ta
008 220915b |||||||| |||| 00| 0 hin d
020 _a817965110X (hbk)
_c600
024 _a25,551
037 _b384, 16/03/2016, Eastern Book Linkers
_cReference Collections
040 _aARTS
_cARTS
_bhin
041 _2hin
_ahin
082 _aP152,3:4k, M6;P6(RR)
100 _aचातक, गोविन्द, संपा.
245 0 _aतक्षशिला आधुनिक हिन्दी शब्दकोश
246 _aTakṣhashilā ādhunik hindī shabdakosha
260 _aनई दिल्ली
_bतक्षशिला प्रकाशन भारत
_c2006
300 _a592पृ0
650 _aहिन्दी भाषा
_9232
942 _hP152,3:4k, M6;P6(RR)
_cREF
999 _c115142
_d115142